|
|
|
|
| LEADER |
00000nam a2200000 a 4500 |
| 001 |
vtls001291415 |
| 003 |
SK-MaSNL |
| 005 |
20260302032720.0 |
| 008 |
970620s1829 xo 0 slo |
| 035 |
|
|
|a SNK000243087
|
| 040 |
|
|
|a SNK
|b slo
|c SNK
|e AACR2
|
| 041 |
0 |
|
|a slo
|
| 044 |
|
|
|a xo
|c SK
|
| 072 |
|
7 |
|a 636
|x Chov zvierat. Živočíšna výroba
|2 konspekt
|
| 080 |
|
|
|a 636.2
|2 2001
|
| 100 |
1 |
|
|a Fándly, Juraj,
|d 1750-1811
|4 aut
|9 36948
|
| 245 |
1 |
|
|a O Nemocách ai o Wiléčeňú nezdrawég rožnég Lichwi
|c Widal poprwe Guro Fándly, Farár ňekdi Naháčskí
|
| 250 |
|
|
|a Druhé Widáňí
|
| 260 |
|
|
|a W Trnawe
|b Nákladem a Litterámi Gelinek Gána Krsť.
|c 1829
|
| 300 |
|
|
|a 127, [3], 8 s.
|c 19 cm
|
| 510 |
0 |
|
|a Rizner I/379
|
| 546 |
|
|
|a Predspisovná slovenčina
|b Fraktúra
|
| 650 |
0 |
7 |
|a chov dobytka
|2 SNKPH
|9 43971
|
| 655 |
|
7 |
|a príručky
|2 SNKPH
|9 74364
|
| 700 |
1 |
|
|a Jelínek, Ján Krstiteľ,
|d 1780-1841
|4 prt
|9 177739
|
| 752 |
|
|
|a Slovensko
|d Trnava
|
| 852 |
|
|
|a Slovenská národná knižnica
|b Historické fondy
|p SD 3986
|
| 958 |
|
|
|a ONDV
|
| 958 |
|
|
|a DF
|
| 999 |
|
|
|c 1058021
|d 1059951
|
| 952 |
|
|
|a SNK
|b SNK
|y PREZ
|7 0
|p 17A0074934
|o snkSD 3986 D1
|i snkD 557/68
|8 1
|z Rok: 1829
|0 0
|1 0
|4 0
|d 1997-06-20
|l 0
|r 2005-01-02 00:00:00
|w 2026-02-24
|
| 952 |
|
|
|a SNK
|b SNK
|y PREZ
|7 0
|p 17A0885059
|o snkSD 3986
|i snk3614/35
|0 0
|1 0
|4 0
|d 2024-04-19
|l 0
|r 2025-11-07 00:00:00
|w 2026-02-24
|
| 952 |
|
|
|a SNK
|b SNK
|y PREZ
|7 0
|p 17A0466203
|o snkSD 3986 D2
|i snkF 3266/70
|8 5
|z Rok: 1829
|0 0
|1 0
|4 0
|d 2005-04-12
|l 0
|r 2026-02-24 15:17:33
|w 2026-02-24
|